000 00433nam a2200181Ia 4500
003 OSt
005 20230323115406.0
008 210210b1908 xxu||||| |||| 00| 0 eng d
040 _cAL
041 _aeng
082 _a515/57
100 _aFILON (L N G)
_976973
245 _aIntroduction to projective geometry
260 _aLondon
_bEdward Arnold & Co
_c1908
690 _aGeometry
_976974
906 _a007622
942 _2ddc
_cBK
999 _c140161
_d140161